Διεθνή κείμενα σωφρονιστικής πολιτικής
Αποθηκεύτηκε σε:
| Άλλοι συγγραφείς: | |
|---|---|
| Μορφή: | Βιβλίο |
| Γλώσσα: | Greek |
| Δημοσίευση: |
Αθήνα :
Σάκκουλας,
2003
|
| Θέματα: | |
| Ετικέτες: |
Προσθήκη ετικέτας
Δεν υπάρχουν, Καταχωρήστε ετικέτα πρώτοι!
|
MARC
| LEADER | 00000nam a2200000 i 4500 | ||
|---|---|---|---|
| 001 | 1/85997 | ||
| 008 | 080522s2003 gre d | ||
| 020 | |a 960-301-779-5 | ||
| 035 | |l 10097557 | ||
| 040 | |a GR-MY-UA |b gre |e aacr | ||
| 041 | 0 | |a gre | |
| 082 | 0 | |a 344.0356 |2 (22) | |
| 245 | 1 | 0 | |a Διεθνή κείμενα σωφρονιστικής πολιτικής / |c εισαγωγή - σχολιασμός - απόδοση - επιμέλεια Αγγελική Πιτσελά |
| 260 | |a Αθήνα : |b Σάκκουλας, |c 2003 | ||
| 300 | |a xxvii, 956 σ.; |c 24 εκ. | ||
| 504 | |a Βιβλιογραφία: σ. [927]-956 | ||
| 650 | 0 | 0 | |a Prisoners |x Legal status, laws, etc. |
| 650 | 0 | 0 | |a Human rights. |
| 650 | 0 | 0 | |a Correctional law |z Greece. |
| 700 | 1 | |a Πιτσελά, Αγγελική Γ. |4 aui |4 edt | |
| 852 | |a INST |b LESVOS |e 20080522 |h 344.0356 ΔΙΕ |p 005100039778 |q 005100039778 |t BK |y 0 | ||
| 901 | |a BIBL1-2008-2 | ||
| 909 | |a Λ |b 142224 | ||
| 922 | |a 1ΕΛΗ |b 200711 |c ΕΠΕΑΕΚ2/ΤΚ |d Σ. ΠΑΤΑΚΗΣ | ||
| 970 | |a ΚΑΡΑ |b ΓΙΑΣΕΜΗ |z 2008/05/22 | ||